000 03875nam a22003377a 4500
001 TIC 0014
003 gtcocun
005 20250923183032.0
006 a||||gr|||| 00| 0
007 ta
008 250923b2025 gt ||||| m||| 00| 0 eng d
040 _agtcocun
_bSPA
_cgtcocun
_eRDA
041 _aSPA TIC 0014
084 _0TIC 0014
100 _aSantos Mutz, Marvin Alexander de los
_eAutor
245 _aDISEÑO Y PLANIFICACIÓN DE MERCADO MUNICIPAL, ÁREA URBANA, SANTA CRUZ VERAPAZ, ALTA VERAPAZ./
_cMarvin Alexander de los Santos Mutz.
_hImpreso
264 _aCobán, Alta Verapaz:
_bUniversidad de San Carlos de Guatemala, Centro Universitario del Norte, Ingeniería Civil
_c2022
300 _a233 p.:
_bIlustraciones, gráficas.
_c28 cm;
300 _cPDF
336 _2rdacontenido
_aTexto
_btxt
337 _2rdamedio
_aComputadora
_bn
338 _2rdasoporte
_aCódigo en línea
_bcr
502 _eTIC 0014
502 _aTesis de grado
_bIngeniería Civil,
_cUniversidad de San Carlos de Guatemala, Centro Universitario del Norte, Ingeniería Civil
_d2022
_oTIC 0014
520 1 4 _aEl Ejercicio Profesional Supervisado -EPS- de la carrera de Ingeniería Civil se desarrolló en la municipalidad de Santa Cruz Verapaz, del departamento de Alta Verapaz, en dicha institución se llevó a cabo la planificación del presente informe que se titula Diseño y Planificación de Mercado Municipal en el casco urbano de Santa Cruz Verapaz. Durante el tiempo de ejecución del Ejercicio Profesional Supervisado se realizaron diversas actividades para obtener un proyecto de calidad, que cumpla los requisitos y normas de construcción vigentes en el país, las cuales se mencionan a continuación: Se efectuó el levantamiento topográfico del lugar donde se realizará la construcción del mercado municipal, con el fin de obtener datos exactos de su altimetría y planimetría, se extrajo una muestra inalterada de suelo por medio del método de cielo abierto, la cual fue enviada a un laboratorio de mecánica de suelos para obtener sus propiedades físicas y mecánicas. El análisis sismo resistente de la estructura se desarrolló por el método de la carga estática equivalente, planteada en la norma NSE 3, diseño estructural de edificaciones de la Asociación Guatemalteca de Ingeniería Estructural y Sísmica -AGIES-. Para el análisis estructural del futuro edificio del mercado municipal de Santa Cruz Verapaz se empleó el método de Kani y se evaluó la estructura con el software de cálculo estructural SAP2000, arrojando un 6.90% de error, un valor aceptable entre ambos métodos. El diseño estructural de cada uno de los elementos estructurales como no estructurales del edificio resistentes a momentos cortantes y sismo, se realizaron con los predimensionamientos, recubrimientos, tipos de armado, espaciamientos, longitudes de desarrollo, establecidas por el Instituto Americano del Concreto -ACI- y por las normas NSE 7.1 diseño de edificaciones de concreto reforzado y NSE 7.4 diseño de mampostería reforzada de la Asociación Guatemalteca de Ingeniería Estructural y Sísmica -AGIES-.Se elaboraron cada uno de los planos, especificaciones técnicas, presupuesto y cronogramas de ejecución del proyecto. Por lo que se deberá cumplir con cada uno de los lineamientos de construcción establecidos, sin realizar ninguna variación al diseño estructural y así garantizar con esto el trabajo óptimo de la estructura.
650 _2LEMB
_aSanta Cruz Verapaz, Alta Verapaz.
_xIngeniería
_xNormas
_xEspecificaciones
_xEjecución
_xPlanificación
_xEstructura
700 _aIng. Civil Marlon Alexander Moran Castro
_eAsesor
856 _uhttps://drive.google.com/file/d/17hP9Dsnv6ylH6-bKIeFVbvBwWmFjjuw6/view
_yPDF
_zUn ejemplar en línea.
942 _2ddc
_cTES
_iTIC 0014
_kClasificación
_n0
_6TIC_0014_000000000000000
999 _c2099
_d2099